| 000 | 00430nam a2200157Ia 4500 | ||
|---|---|---|---|
| 008 | 231217s9999 xx 000 0 und d | ||
| 020 | _a8178811782 | ||
| 041 | _aEnglish | ||
| 082 | _a657 SEE;1 R | ||
| 100 | _aSeethapathi, K. Srinivas, N. Padmavathi, C [et al...] | ||
| 245 | 0 | _aAccounting standards V 9 | |
| 260 |
_c2004 _bIcfai _aHyderabad |
||
| 300 | _aviii,169+A13 | ||
| 650 | _aAccounting,standards,V,9 | ||
| 942 | _cAA | ||
| 999 |
_c188582 _d188582 |
||